|
|
|
|
| LEADER |
00000cam a2200000 a 4500 |
| 001 |
200250 |
| 003 |
Ucuenca |
| 005 |
20230810062730.0 |
| 008 |
015082|2011 cu |||||r|||||||||||spa|| |
| 020 |
|
|
|a 978-959-212-587-2
|
| 040 |
|
|
|b spa
|
| 041 |
0 |
|
|a es
|
| 082 |
0 |
|
|a 362
|
| 110 |
1 |
|
|a Colectivo de Autores
|9 122220
|
| 245 |
|
|
|a Selección de artículos sobre filosofía, salud y sociedad
|c Colectivo de autores
|h imp
|
| 264 |
|
|
|a La Habana
|b ECIMED
|c 2011
|
| 300 |
|
|
|a 306 páginas:
|c 27 cm
|
| 504 |
|
|
|a incl. ref.
|
| 650 |
|
4 |
|a Filosofía
|9 8018
|
| 650 |
|
0 |
|9 324
|a Salud
|
| 650 |
|
7 |
|a Sociedad
|9 6
|
| 852 |
|
|
|a UC-SALUD
|f Donación
|l 1
|m General
|p 20150827
|q 1.00
|r 2
|t 200250
|v med
|w Medicina y Cirugía
|y 000000
|b 0
|d CDRS
|e CDRS
|g 362
|z 2015-50-82
|
| 942 |
|
|
|c BK
|2 ddc
|r margoth.maza@ucuenca.edu.ec
|
| 999 |
|
|
|c 72533
|d 72533
|